| 000 | 00634nam a22002177a 4500 | ||
|---|---|---|---|
| 003 | UA-OsUOA | ||
| 001 | 93649 | ||
| 007 | ta | ||
| 008 | 20130124b un ||||| |||| 00| 0 ukr d | ||
| 100 | _aСвідрік Т. | ||
| 090 |
_a330(477) _bС24 |
||
| 942 | _cSA | ||
| 040 |
_aUA-OsUOA _bukr _cUA-OsUOA _dUA-OsUOA |
||
| 245 | _aМоніторингові системи економічних суб'єктів: види та функціональне призначення | ||
| 300 | _aС.93-102 | ||
| 955 | _a0 | ||
| 041 | _aukr | ||
| 080 | _a330(477) | ||
| 773 | 0 | _w93642 | |
| 650 | 7 |
_a330 Економіка взагалі _2UDC |
|
| 999 |
_c379893 _d379893 |
||